000 00291nam a22001337a 4500
020 _a978-0-77515-3541-9
082 _a823
_bSPA/W
100 _aSPARKS, NICHOLAS
245 _aTHE WEDDING
260 _aAMRICA
_bWARNER BOOKS
300 _a311
650 _aNOVEL ENGLISH
_zAMERICA
942 _cBK
999 _c3287
_d3287